000 00759nam a2200253Ia 4500
003 OSt
005 20221005043713.0
006 a|||||r|||| 00| 0
007 ta
008 221004b |||||||| |||| 00| 0 eng d
020 _a8182900972
_c2900
024 _a85396
037 _b9651, 14/03/2007, Aryan Books International
_cTextual
040 _aCRL
_cCRL
_beng
041 _2eng
_aeng
082 _aQ2:31Ot2, P7(RR)
100 _aVaradpande M L
245 0 _aGods, Goddesses and demons
260 _aGurgaon
_bShubhi Publications India
_c2007
300 _a260p.
_ccm.
650 _aRELIGION
942 _hQ2:31Ot2, P7(RR)
_cTEXL
_2cc
999 _c952296
_d952296